Music Quiz

Random Music or Actor Quiz
Score 0/31 Timer 06:00
0 Plays Today
Song Title Cameo (actor, model, musician etc) % Correct
Dancing in the DarkCourtney Cox
65.7%
CrazyAlicia Silverstone
54.1%
Weapon of ChoiceChristopher Walken
46.2%
HeroJennifer Love Hewitt
31.2%
Remember the TimeEddie Murphy
30.3%
Freedom! '90Supermodels
28.9%
Call Me AlChevy Chase
28.9%
When the Going Gets Tough, (The Tough Get Going)Michael Douglas
25.2%
Rush, RushKeanu Reeves
22.1%
Teenage DirtbagMena Suvari
16.4%
You Could Be MineArnold Schwarzenegger
16.1%
What Goes Around...Comes Around Scarlett Johansson
15.9%
This Train Don't Stop There AnymoreJustin Timberlake
15.9%
You Rock My WorldChris Tucker
15%
Wake Me Up When September EndsEvan Rachel Wood
14.7%
Papa Don't PreachDanny Aiello
14.4%
Song Title Cameo (actor, model, musician etc) % Correct
Keep Fishin'The Muppets
14.4%
Sour GirlSarah Michelle Gellar
13.6%
Wicked GameHelena Christensen
13.3%
Into the Great Wide OpenJohnny Depp
13%
White and NerdySeth Green
11.9%
We Belong TogetherWentworth Miller
10.5%
Thnks fr th MmrsKim Kardashian
9.1%
EverytimeStephen Dorff
8.8%
TaylorBen Stiller
8.5%
Love ShackRuPaul
7.9%
Country HouseMatt Lucas
5.9%
We Are All Made of StarsGary Coleman
4.2%
You Can't Say NoMilla Jovovich
2.5%
DOAHarvey Keitel
2.3%
100%Jason Lee
1.7%
Remove Ads.
Support Sporcle.
Get the best of Sporcle when you Go Orange. This ad-free experience offers more features, more stats, and more fun while also helping to support Sporcle. Thank you for becoming a member.

You're not logged in!

Compare scores with friends on all Sporcle quizzes.
OR
Log In

Show Comments

Extras

Top Quizzes Today


Score Distribution

Your Account Isn't Verified!

In order to create a playlist on Sporcle, you need to verify the email address you used during registration. Go to your Sporcle Settings to finish the process.

Report this User

Report this user for behavior that violates our Community Guidelines.

Details: